Lifestyle, Oxidative Stress and Diabetes Mellitus book of abstracts from the conference : EU project N00039 of the Cross Border Co-operation programme AT-SK (DIAPLANT) : Modra, Zochova chata, November 8th and 9th 2012

Bibliographic Details
Other Authors: Wagner, Karl-Heinz (Editor), Ďuračková, Zdeňka, 1942- (Editor)
Format: Book
Language:English
PhysicalDescription:56 s. 29 cm
Published: Bratislava Mind and Health, civil association 2012
ISBN:9788097034528 (brož.)
Subjects:

MARC

LEADER 00000nam a2200000 a 4500
001 vtls010511190
003 SK-MaSNL
005 20260301033920.0
008 251117s2012 xo f 100 0 eng
015 |a SNBA2013/06 
020 |a 9788097034528 (brož.) 
040 |a SNK  |b slo  |c SNK  |e AACR2 
041 0 |a eng 
044 |a xo  |c SK 
072 7 |a 616  |x Patológia. Klinická medicína  |2 konspekt 
080 |a 616.379-008.64  |2 2001 
080 |a 316.728  |2 2001 
080 |a 612.064  |2 2001 
080 |a 542.943-92  |2 2001 
080 |a (062.534)  |2 2001 
080 |a (048.3)  |2 2001 
245 0 0 |a Lifestyle, Oxidative Stress and Diabetes Mellitus  |b book of abstracts from the conference : EU project N00039 of the Cross Border Co-operation programme AT-SK (DIAPLANT) : Modra, Zochova chata, November 8th and 9th 2012  |c edited by Wagner Karl-Heinz and Ďuračková, Zdeňka 
260 |a Bratislava  |b Mind and Health, civil association  |c 2012 
300 |a 56 s.  |c 29 cm 
504 |a Bibliogr. odkazy. Zozn. 
650 0 7 |a diabetes mellitus  |2 SNKPH  |9 72741 
650 0 7 |a životný štýl  |2 SNKPH  |9 1704 
650 0 7 |a Style of life  |2 SNKPHeng  |9 265362 
650 0 7 |a stres  |2 SNKPH  |9 14472 
650 0 7 |a Stress  |2 SNKPHeng  |9 323475 
650 0 7 |a oxidanty  |2 SNKPH  |9 18304 
650 0 7 |a Oxidants  |2 SNKPHeng  |9 333884 
655 7 |a zborníky konferencií  |2 SNKPH  |9 70153 
655 7 |a abstrakty  |2 SNKPH  |9 22516 
655 7 |a Proceedings of conferences  |2 SNKPHeng  |9 265791 
655 7 |a Abstracts  |2 SNKPHeng  |9 275616 
700 1 |a Wagner, Karl-Heinz  |4 edt  |9 333885 
700 1 |a Ďuračková, Zdeňka,  |d 1942-  |4 edt  |9 156689 
710 2 |a Univerzita Komenského v Bratislave.  |b Lekárska fakulta  |4 pbl 
919 |a 978-80-970345-2-8 
958 |a NB 
958 |a MI 
999 |c 580902  |d 582832 
952 |a SNK  |b SNK  |y PREZ  |7 0  |p 17A1071128  |o snkSB 85015  |i snk2013/11231  |8 0  |0 0  |1 0  |4 0  |d 2013-05-17  |l 0  |r 2025-05-07 00:00:00  |w 2026-02-23